01827nam a2200397 a 450000100060000000300080000600500170001400600190003100700150005000800410006502400100010603500230011603500240013903500250016303500210018804000260020905000220023508000080025708200120026510000370027724501960031426000490051030000110055950001020057052002550067253301640092765000400109165000360113165000390116765000370120665500270124370000370127070000410130771000190134885600620136751065FlNmELB20241216232257.0m o d | cr cn|||||||||201201r2012 cu |||||s|||||||||||spa d8 zTesis a(MiAaPQ)EBC3200744 a(Au-PeEL)EBL3200744 a(CaPaEBR)ebr10584028 a(OCoLC)929369996 aFlNmELBbspacFlNmELB 4aLA173bF4755 2012 a37804a3782221 aFigueredo Frutos, Lexy Lázaro.10aMetodología para la atención educativa a escolares autistas con bajo nivel de funcionamiento desde la educación física adaptadah[recurso electronico]cLexy Lázaro Figueredo Frutos. aLa Habana :bEditorial Universitaria,c2012. a181 p. aTesis (doctorado) - Universidad de Ciencias de la Cultura Física y el Deporte "Manuel Fajardo". aSe trata de facilitar a los profesores de Educación Física Adaptada una metodología con un enfoque integrador, ersonalizado y sistémico que agrupa a los elementos necesarios para la atención educativa a escolares autistas con bajo nivel ... aRecurso electrónico. Santa Fe, Arg.: e-libro, 2015. Disponible vía World Wide Web. El acceso puede estar limitado para las bibliotecas afiliadas a e-libro. 4aEducación.xEducación física. 4aEducation.xPhysical education. 4aDeportes y Recreación.xGeneral. 4aSports and Recreation.xGeneral. 4aLibros electrónicos.1 aMaqueira Caraballo, Giceya.4drt1 aFleitas Díaz, Isabel María.4drt2 ae-libro, Corp.40uhttps://elibro.net/ereader/politecnicointernacional/90423